000 nam a22 7a 4500
999 _c8934
_d8934
008 180120b ||||| |||| 00| 0 eng d
100 _aSingh A.V
_95246
245 _aTogether with Genaral Awarness -III
260 _aNew Delhi
_bRachna Sagar Publication
_c2008